Normal view
MARC view
- Al-Jawziah, Shamsuddeen ibn abi Bakr ibn Qayyim ; Translated: Abedelhay El-Masri
Entry Personal Name
001 - CONTROL NUMBER
- control field: 5312
003 - CONTROL NUMBER IDENTIFIER
- control field: JO-AjAnu
005 - DATE AND TIME OF LATEST TRANSACTION
- control field: 20230606071149.0
008 - FIXED-LENGTH DATA ELEMENTS
- fixed length control field: 230606|| aca||aabn | a|a d
040 ## - CATALOGING SOURCE
- Original cataloging agency: JO-AjAnu
- Transcribing agency: JO-AjAnu
100 ## - HEADING--PERSONAL NAME
- Personal name: Al-Jawziah, Shamsuddeen ibn abi Bakr ibn Qayyim ; Translated: Abedelhay El-Masri
670 ## - SOURCE DATA FOUND
- Source citation: Work cat.: (JO-AjAnu)2742: Al-Jawziah, Shamsuddeen ibn abi Bakr ibn Qayyim ; Translated: Abedelhay El-Masri, author, Guidance to the Uncertain in Reply to the Jews and the Nazarenes= هداية الحيارى في أجوبة اليهود والنصارى